Միջնադարեան ազգային տաղաչափութիւն ռամկախառն / (Record no. 187420)
[ view plain ]
| 000 -LEADER | |
|---|---|
| fixed length control field | 01324nam a2200253 a 4500 |
| 003 - CONTROL NUMBER IDENTIFIER | |
| control field | AM-YeHGA |
| 005 - DATE AND TIME OF LATEST TRANSACTION | |
| control field | 20250618072702.0 |
| 008 - FIXED-LENGTH DATA ELEMENTS--GENERAL INFORMATION | |
| fixed length control field | 061024s1911 au |||||r|||||||||0|arm|d |
| 040 ## - CATALOGING SOURCE | |
| Original cataloging agency | AM-YeHGA |
| 041 0# - LANGUAGE CODE | |
| Language code of text/sound track or separate title | arm |
| 090 ## - LOCALLY ASSIGNED LC-TYPE CALL NUMBER (OCLC); LOCAL CALL NUMBER (RLIN) | |
| -- | 188886 |
| 100 1# - MAIN ENTRY--PERSONAL NAME | |
| Personal name | Հովնանյան, Ղևոնդ, |
| Titles and words associated with a name | Հայր Վարդապետ, |
| Dates associated with a name | 1817-1897 |
| 245 10 - TITLE STATEMENT | |
| Title | Միջնադարեան ազգային տաղաչափութիւն ռամկախառն / |
| Statement of responsibility, etc. | Հ. Ղևոնդ Վ. Հովնանյան ; Յովնաթան Նաղաշ եւ Նաղաշ Յովնաթանեանք / Հ. Ներսէս Ակինեան. |
| 260 ## - PUBLICATION, DISTRIBUTION, ETC. | |
| Place of publication, distribution, etc. | Վիեննա : |
| Name of publisher, distributor, etc. | տպ. Մխիթարեան, |
| Date of publication, distribution, etc. | 1911. |
| 300 ## - PHYSICAL DESCRIPTION | |
| Extent | 118 էջ |
| 440 #0 - SERIES STATEMENT/ADDED ENTRY--TITLE | |
| Title | Ազգային մատենադարան ; |
| Volume/sequential designation | ԿԵ |
| 9 (RLIN) | 4491 |
| 504 ## - BIBLIOGRAPHY, ETC. NOTE | |
| Bibliography, etc. note | Մատենագիտ. տողատակում |
| 600 14 - SUBJECT ADDED ENTRY--PERSONAL NAME | |
| Personal name | Նաղաշ Հովնաթան, |
| Dates associated with a name | 1661-1722 |
| 9 (RLIN) | 3406 |
| 650 14 - SUBJECT ADDED ENTRY--TOPICAL TERM | |
| Topical term or geographic name entry element | Հայ գրականագիտություն |
| Chronological subdivision | Միջնադար |
| 700 1# - ADDED ENTRY--PERSONAL NAME | |
| Personal name | Ակինյան, Ներսես Հակոբի, |
| Dates associated with a name | 1883-1963 |
| 740 02 - ADDED ENTRY--UNCONTROLLED RELATED/ANALYTICAL TITLE | |
| Uncontrolled related/analytical title | Յովնաթան Նաղաշ եւ Նաղաշ Յովնաթանեանք եւ իրենց բանաստեղծական եւ նկարչական աշխատութիւնք |
| 856 41 - ELECTRONIC LOCATION AND ACCESS | |
| Uniform Resource Identifier | <a href="http://greenstone.flib.sci.am/gsdl/collect/hajgirqn/book/mijnadaryan_azgayin_taxachaputyun.pdf">http://greenstone.flib.sci.am/gsdl/collect/hajgirqn/book/mijnadaryan_azgayin_taxachaputyun.pdf</a> |
| Link text | Կարդալ առցանց |
| 942 ## - ADDED ENTRY ELEMENTS (KOHA) | |
| Source of classification or shelving scheme | Universal Decimal Classification |
| Koha item type | Գրքեր / Books |
| Withdrawn status | Lost status | Source of classification or shelving scheme | Damaged status | Not for loan | Collection | Home library | Current library | Date acquired | Total checkouts | Full call number | Barcode | Date last seen | Price effective from | Koha item type | Public note |
|---|---|---|---|---|---|---|---|---|---|---|---|---|---|---|---|
| Universal Decimal Classification | Agulian Individual Collection | Fundamental Scientific Library | Fundamental Scientific Library | 28/12/2016 | Agul/438 | FL0081314 | 28/12/2016 | 28/12/2016 | Գրքեր / Books | ILL Non-Circ. | |||||
| General | Fundamental Scientific Library | Fundamental Scientific Library | 28/12/2016 | AII/31072 | 220031072 | 28/12/2016 | 28/12/2016 | Գրքեր / Books | 30 Days Loan | ||||||
| General | Fundamental Scientific Library | Fundamental Scientific Library | 28/12/2016 | AII/31073 | 220031073 | 28/12/2016 | 28/12/2016 | Գրքեր / Books | 30 Days Loan | ||||||
| General | Fundamental Scientific Library | Fundamental Scientific Library | 28/12/2016 | AII/31826 | 220031826 | 28/12/2016 | 28/12/2016 | Գրքեր / Books | 30 Days Loan | ||||||
| General | Fundamental Scientific Library | Fundamental Scientific Library | 28/12/2016 | AII/31827 | 220031827 | 28/12/2016 | 28/12/2016 | Գրքեր / Books | 30 Days Loan | ||||||
| General | Fundamental Scientific Library | Fundamental Scientific Library | 28/12/2016 | AII/31828 | 220031828 | 28/12/2016 | 28/12/2016 | Գրքեր / Books | 30 Days Loan | ||||||
| General | Fundamental Scientific Library | Fundamental Scientific Library | 28/12/2016 | AII/31829 | 220031829 | 28/12/2016 | 28/12/2016 | Գրքեր / Books | 30 Days Loan | ||||||
| General | Fundamental Scientific Library | Fundamental Scientific Library | 28/12/2016 | AII/31830 | 220031830 | 28/12/2016 | 28/12/2016 | Գրքեր / Books | 30 Days Loan |
ՀՀ Գիտությունների ազգային ակադեմիայի հիմնարար գիտական գրադարան = Fundamental Scientific Library of NAS RA
All site content, except where otherwise noted, is licensed under a